000 00404nam a2200169Ia 4500
008 230524s9999 xx 000 0 und d
020 _a8188429546
082 _a511.332
_bAMI
100 _aM.Amirthavalli
245 0 _aFuzzy Logic and Neural Networks
250 _a1ST
260 _aCHENNAI
_bScitech
_c2004
300 _aXI;267
500 _aQuantity Number: 2
650 _aComp-Sc
942 _cBK
999 _c13994
_d13994